Newcastle United FC Quiz #1 - Statistics

General Stats
  • This quiz has been taken 8 times
  • The average score is 6 of 10
Answer Stats
Question Answer % Correct
From which club did Newcastle United FC sign Alan Shearer? Blackburn Rovers
100%
What is the capacity of St James's Park? 52,305
83%
Newcastle United FC won the English League Cup in the 2024/25 season. Who did the Toon beat 2-1 in the final? Liverpool
83%
January 1996 Newcastle United were top of the Premier League with Manchester United in 2nd. How many points ahead of Manchester United were Newcastle United FC? Manchester United eventually went on to win the Premier League by 4 points. 12
67%
Who holds Newcastle United's record appearances with 496 Matches? Jimmy Lawrence
67%
When was the last time Newcastle United FC played in the 3rd tier of English football? They have never played in the 3rd tier
67%
How many times has Newcastle United FC finished in the top 4 of the Premier League? 6
50%
Who replaced Kevin Keegan in January 1997 as manager of Newcastle United FC? Kenny Dalglish
50%
How many FA Cup Finals has Newcastle United FC played in? 13
17%
How many goals did Andy Cole score for Newcastle United FC 1992 - 1995 68
17%
No matching quizzes found
Score Distribution
Percent of People with Each Score
Percentile by Number Answered
Your Score History
You have not taken this quiz